La literatura japonesa entre Oriente y Occidente
Gorde:
| Egile nagusia: | |
|---|---|
| Formatua: | Liburua |
| Hizkuntza: | Undetermined |
| Argitaratua: |
México, Distrito Federal
El Colegio de México
1969
|
| Gaiak: | |
| Etiketak: |
Etiketa erantsi
Etiketarik gabe, Izan zaitez lehena erregistro honi etiketa jartzen!
|
MARC
| LEADER | 00000nam a2200000Ia 4500 | ||
|---|---|---|---|
| 008 | 170316s9999 xx 000 0 und d | ||
| 040 | |a cru BVZT | ||
| 090 | |a 895-J K-3Li | ||
| 100 | |a Keene, Donald | ||
| 245 | |a La literatura japonesa entre Oriente y Occidente | ||
| 260 | |a México, Distrito Federal | ||
| 260 | |b El Colegio de México | ||
| 260 | |c 1969 | ||
| 300 | |a 154 páginas | ||
| 650 | |a LITERATURA JAPONESA | ||
| 999 | |c 12152 |d 12152 | ||
| 942 | |c 15 D |h 895-J K-3Li |2 z | ||
